• 首页
  • 本馆介绍
  • 公告通知
  • 最新文献
  • 馆藏检索
  • 电子资源
  • 读者导购
  • 参考咨询
  • 我的图书馆
  • 登录
  • 详细信息显示
  • 放入我的书架
  • 预约/预借图书
  • 作者相关作品
  • 分类相关作品
  • 丛书相关作品
  • 出版社相关作品

书目信息

  • 表格格式
  • 工作单格式
  • 卡片格式
题名:
王朝风云之夏商周
    
 
作者: 李楠 编著
分册:  
出版信息: 北京   中国文史出版社  2021
页数: 342页
开本: 24cm
丛书名: 王朝风云
单 册:
中图分类: K221.09
科图分类:
主题词: 中国历史--zhong guo li shi--三明时期--通俗读物
电子资源:
ISBN: 978-7-5205-2263-2
000 01252oam2 2200253 450
001 2153124259
005 20211018173724.0
010    @a978-7-5205-2263-2@dCNY66.00
100    @a20210304d2021 em y0chiy0120 ea
101 0  @achi
102    @aCN@b110000
105    @ay z 000yy
106    @ar
200 1  @a王朝风云之夏商周@Awang chao feng yun zhi xia shang zhou@f李楠编著
210    @a北京@c中国文史出版社@d2021
215    @a342页@d24cm
225 2  @a王朝风云@Awang chao feng yun@v1
330    @a《王朝风云》系列丛书以丰富真实的史料,鲜活生动的叙述方式,让一个个风格迥异的王朝如戏剧般轮番登场,呼之欲出,上演从夏商周到晚清近代华夏历史的荣光与黯淡。夏商周脱胎于旧的原始军事民主制,雏形的国家政体难免带来社会的动荡,权利的争夺从此拉开序幕。这是一个时代的里程碑:夏启确立家天下,世袭制取代禅让制。这是一段文明的发展:国家政权取代原始部落,奴隶制度确立。本书简要介绍了远古时期的经典传说和华夏文明的起源,揭开远古文明的神秘面纱,着重介绍了夏、商、周时期的主要历史故事和重大事件,阐述了古代社会由奴隶制度向封建制度转变的过程。
461  0 @12001 @a王朝风云@v1
606 0  @a中国历史@Azhong guo li shi@z三明时期@j通俗读物
690    @aK221.09@v5
701  0 @a李楠@Ali nan@4编著
801  0 @aCN@b百万庄@c20211018
905    @b1310736-39@dK221.09@e50@f4
    
    王朝风云之夏商周/李楠编著.-北京:中国文史出版社,2021
    342页;24cm.-(王朝风云;1)
    
    
    ISBN 978-7-5205-2263-2:CNY66.00
    《王朝风云》系列丛书以丰富真实的史料,鲜活生动的叙述方式,让一个个风格迥异的王朝如戏剧般轮番登场,呼之欲出,上演从夏商周到晚清近代华夏历史的荣光与黯淡。夏商周脱胎于旧的原始军事民主制,雏形的国家政体难免带来社会的动荡,权利的争夺从此拉开序幕。这是一个时代的里程碑:夏启确立家天下,世袭制取代禅让制。这是一段文明的发展:国家政权取代原始部落,奴隶制度确立。本书简要介绍了远古时期的经典传说和华夏文明的起源,揭开远古文明的神秘面纱,着重介绍了夏、商、周时期的主要历史故事和重大事件,阐述了古代社会由奴隶制度向封建制度转变的过程。
●
相关链接 在E读中查询图书 在五车中查询图书 在当当中查询图书 在豆瓣中查询图书


正题名:王朝风云之夏商周     索取号:K221.09/50         预约/预借

序号 登录号 条形码 馆藏地/架位号 状态 备注
1 1310736   213107369   第二样本阅览室/ [索取号:K221.09/50] 在馆    
2 1310737   213107378   第二借阅区/ [索取号:K221.09/50] 在馆    
3 1310738   213107387   第二借阅区/ [索取号:K221.09/50] 在馆    
4 1310739   213107396   第二借阅区/ [索取号:K221.09/50] 在馆    
唐山师范学院图书馆 欢迎您!
大连网信软件有限公司© 版权所有